| 000 | 00662nam a2200169 a 4500 | ||
|---|---|---|---|
| 008 | 091202s1982 ||||||||||||||||| || u | ||
| 050 | _aPAPERS/STAFF | ||
| 100 | _aBardouille, Raj | ||
| 245 | 1 | 4 | _aThe Urban Informal Sector in Zambia: a case study of market Women in Township of Chawama, Lusaka |
| 260 |
_aLusaka _bUniversity of Zambia _c1982 |
||
| 300 | _a19p. | ||
| 350 | _a0.00 | ||
| 650 | 0 | _aBUSINESS | |
| 650 | _aINFORMAL SECTOR--RESEARCH | ||
| 650 | _aINFORMAL SECTOR--GENDER ASPECTS | ||
| 995 |
_D0.00 _FCBU-MAIN LIBRARY (Kitwe) _H1 _I0.00 _M1 _UAVAILABLE _WDec 2, 2009 _ZUniversity Collection |
||
| 999 |
_c61027 _d61027 |
||